La sinagoga cristiana (Record no. 176944)

MARC details
000 -LEADER
campo de control de longitud fija 00679nam a22002175i 4500
001 - NÚMERO DE CONTROL
campo de control 176944
003 - IDENTIFICADOR DE NÚMERO DE CONTROL
campo de control ES-MaACL
005 - FECHA Y HORA DE LA ÚLTIMA TRANSACCIÓN
campo de control 20230906220221.0
008 - DATOS DE LONGITUD FIJA--INFORMACIÓN GENERAL
campo de control de longitud fija 110221s1989 sp |||| | spa d
020 ## - NÚMERO INTERNACIONAL ESTÁNDAR DEL LIBRO
Número Internacional Estándar del Libro 84-7669-103-3
080 ## - NÚMERO DE LA CLASIFICACIÓN DECIMAL UNIVERSAL
Número de la Clasificación Decimal Universal 27"00/05"
100 1# - ENTRADA PRINCIPAL--NOMBRE DE PERSONA
Nombre de persona Montserrat Torrents, José.
9 (RLIN) 82748
245 13 - MENCIÓN DEL TÍTULO
Título La sinagoga cristiana
Resto del título : el gran conflicto religioso del siglo I /
Mención de responsabilidad, etc. José Montserrat Torrents.
260 ## - PUBLICACIÓN, DISTRIBUCIÓN, ETC.
Lugar de publicación, distribución, etc. Barcelona :
Nombre del editor, distribuidor, etc. Muchnik,
Fecha de publicación, distribución, etc. imp. 1989.
300 ## - DESCRIPCIÓN FÍSICA
Extensión 349 p. ;
Dimensiones 22 cm.
490 1# - MENCIÓN DE SERIE
Mención de serie Religiones ;
Designación de volumen o secuencia 1
650 ## - PUNTO DE ACCESO ADICIONAL DE MATERIA--TÉRMINO DE MATERIA
Término de materia o nombre geográfico como elemento de entrada Cristianismo-
Subdivisión general Historia-
Subdivisión cronológica S.I-VI.
9 (RLIN) 163038
830 0# - PUNTO DE ACCESO ADICIONAL DE SERIE-TÍTULO UNIFORME
Título uniforme Religiones ;
Designación de volumen o secuencia 1
9 (RLIN) 224112
852 ## - LOCALIZACIÓN
Ubicación ES-MaACL
Número de control de estantería E-14367
Holdings
Estatus retirado Estado de pérdida Estado de daño No para préstamo Biblioteca de origen Biblioteca actual Ubicación en estantería Fecha de adquisición Fuente de adquisición Total de préstamos Signatura topográfica completa Código de barras Visto por última vez Precio de reemplazo Tipo de ítem Koha
        Biblioteca del Ateneo de Madrid Biblioteca del Ateneo de Madrid Depósito 2 21/02/2011     E-14367 1185845 23/02/2023 23/02/2023 Libro impreso